000 01734nam0a2200325 4500
001 RU\NLR\BIBL_A\022660298
005 20260120132748.0
010 _a978-5-907976-52-8
_9500
021 _aRU
_bКН-П-25-057831
_9КН-П-25-5570
035 _a(NLR Aleph) 022660298
090 _a13533223
_c13533223
100 _a20251106d2025 k y0rusy50 ca
101 0 _arus
102 _aRU
105 _aa z 000yy
181 0 _ai3
_baxxe
182 0 _an
200 1 _aФормирование и реализация механизма повышения конкурентоспособности организации
_eмонография
_fЛ. А. Белова, М. В. Щедрина
_gМинистерство сельского хозяйства Российской Федерации, ФГБОУ ВО "Кубанский государственный аграрный университет имени И. Т. Трубилина"
203 _aТекст
_bвизуальный
_cнепосредственный
210 _aКраснодар
_cКубГАУ
_d2025
215 _a132 с.
_cил., табл.
_d20
320 _aБиблиогр.: с. 126-131 (56 назв.)
606 1 _aСельскохозяйственные предприятия
_xКонкурентоспособность
_yРоссийская Федерация
_92549028
_3RU\NLR\AUTH\661508491
686 1 _aУ32(2)-13(2Р)
700 1 _7ca
_8rus
_aБелова
_bЛ. А.
_cканд. экон. наук
_gЛюбовь Александровна
_947615
_3RU\NLR\AUTH\7764686
701 1 _aЩедрина
_bМ. В.
_gМаргарита Викторовна
942 _cBOOK
980 _aNB